Une ville, un pays (lettre T) - Statistiques

Statistiques générales
  • Ce quiz a été pris 75 fois
  • Le résultat moyen est 14 sur 24
Statistiques - réponses
Hint Réponse % Correct
Toronto Canada
97%
Tanger Maroc
93%
Trabzon Turquie
92%
Tulle France
90%
Tataouine Tunisie
90%
Thessalonique Grèce
89%
Tlemcen Algérie
77%
Tombouctou Mali
77%
Tromsø Norvège
72%
Trèves Allemagne
64%
Türkmenabat Turkménistan
62%
Tampico Mexique
57%
Timișoara Roumanie
57%
Tobrouk Libye
56%
Tyr Liban
54%
Tabriz Iran
52%
Turku Finlande
49%
Tiraspol Moldavie
44%
Torquay Royaume-Uni
38%
Tartu Estonie
26%
Tahoua Niger
26%
Taguig Philippines
16%
Tchibanga Gabon
15%
Tete Mozambique
8%
Aucun quiz correspondant
Distribution des résultats
% des personnes avec chaque résultat
Percentile par nombre de réponses
Votre historique - résultats
Vous n’avez pas pris ce quiz